Advances in Personalized Nanotherapeutics (Запис № 448624)

МАРК-запис
000 -LEADER
fixed length control field 04853nam a22005775i 4500
001 - CONTROL NUMBER
control field 978-3-319-63633-7
003 - CONTROL NUMBER IDENTIFIER
control field DE-He213
005 - DATE AND TIME OF LATEST TRANSACTION
control field 20210118133603.0
007 - PHYSICAL DESCRIPTION FIXED FIELD--GENERAL INFORMATION
fixed length control field cr nn 008mamaa
008 - FIXED-LENGTH DATA ELEMENTS--GENERAL INFORMATION
fixed length control field 171209s2017 gw | s |||| 0|eng d
020 ## - INTERNATIONAL STANDARD BOOK NUMBER
International Standard Book Number 9783319636337
-- 978-3-319-63633-7
024 7# - OTHER STANDARD IDENTIFIER
Standard number or code 10.1007/978-3-319-63633-7
Source of number or code doi
050 #4 - LIBRARY OF CONGRESS CALL NUMBER
Classification number R856-R857
072 #7 - SUBJECT CATEGORY CODE
Subject category code MQW
Source bicssc
072 #7 - SUBJECT CATEGORY CODE
Subject category code MED003040
Source bisacsh
072 #7 - SUBJECT CATEGORY CODE
Subject category code MQW
Source thema
082 04 - DEWEY DECIMAL CLASSIFICATION NUMBER
Classification number 610.28
Edition number 23
245 10 - TITLE STATEMENT
Title Advances in Personalized Nanotherapeutics
Medium [electronic resource] /
Statement of responsibility, etc edited by Ajeet Kaushik, Rahul Dev Jayant, Madhavan Nair.
250 ## - EDITION STATEMENT
Edition statement 1st ed. 2017.
264 #1 -
-- Cham :
-- Springer International Publishing :
-- Imprint: Springer,
-- 2017.
300 ## - PHYSICAL DESCRIPTION
Extent XIII, 240 p. 56 illus., 53 illus. in color.
Other physical details online resource.
336 ## -
-- text
-- txt
-- rdacontent
337 ## -
-- computer
-- c
-- rdamedia
338 ## -
-- online resource
-- cr
-- rdacarrier
347 ## -
-- text file
-- PDF
-- rda
520 ## - SUMMARY, ETC.
Summary, etc Health agencies have declared personalized nanomedicine as an important area to investigate novel therapies to combat against targeted diseases with no-side effects. The disease profile varies from patient-to-patient and standard therapies sometime are unsuitable for complete cure. This raises the demand of nanomedicine development. The tunable therapeutic salient features of nanomedicine including site-specific delivery and controlled release of a specific drug according to patient requirement make nanomedicine very special. Such of human compatible personalization is very useful in diseases management required to optimize a therapy for health care. Knowing the potentials of the nanomedicines, significant efforts are being to design and develop nano-enabled therapeutic strategies to cure and monitor diseases contributing to personalized health care. As per state-of-the-art, various approaches have been optimized resulting in development of pharmacologically relevant personalized nanomedicine to combat against diseases with improved efficacy and no adverse effects. In this book, we described the fundamentals nanomedicine, nanotechnology for nanomedicine development, approach of personalized nanomedicine, potential novel nano-carriers for site-specific drug delivery, role of nano-bio-technology for efficient therapeutics, nano-pharmacology, targeted CNS drug delivery, stimuli- responsive drug release, aspects of bioinformatics for diseases management, miniaturized bio-sensing systems for diseases detection with monitoring, and nano-bio-technology for diseases management. The challenges in personalized nano-therapeutics development, possible vision to overcome challenges, and future prospects to promote therapies for clinical application are also discussed in this book. We believe that present book would serve as a platform for new scholars of academia and industries to understand state-of-the-art of nano-bio-technology for therapeutics to plan future research to develop effective personalized nanomedicine against targeted diseases. Our book is a call for experts to explore multidisciplinary research towards developing novel personalized nanomedicines to combat against targeted diseases to personalized health care.
506 ## - RESTRICTIONS ON ACCESS NOTE
Terms governing access Available to subscribing member institutions only. Доступно лише організаціям членам підписки.
506 ## - RESTRICTIONS ON ACCESS NOTE
Standardized terminology for access restriction Online access from local network of NaUOA.
506 ## - RESTRICTIONS ON ACCESS NOTE
Standardized terminology for access restriction Online access with authorization at https://link.springer.com/
506 ## - RESTRICTIONS ON ACCESS NOTE
Standardized terminology for access restriction Онлайн-доступ з локальної мережі НаУОА.
506 ## - RESTRICTIONS ON ACCESS NOTE
Standardized terminology for access restriction Онлайн доступ з авторизацією на https://link.springer.com/
650 #0 - SUBJECT ADDED ENTRY--TOPICAL TERM
Topical term or geographic name as entry element Biomedical engineering.
650 #0 - SUBJECT ADDED ENTRY--TOPICAL TERM
Topical term or geographic name as entry element Nanoscale science.
650 #0 - SUBJECT ADDED ENTRY--TOPICAL TERM
Topical term or geographic name as entry element Nanoscience.
650 #0 - SUBJECT ADDED ENTRY--TOPICAL TERM
Topical term or geographic name as entry element Nanostructures.
650 14 - SUBJECT ADDED ENTRY--TOPICAL TERM
Topical term or geographic name as entry element Biomedical Engineering/Biotechnology.
-- http://scigraph.springernature.com/things/product-market-codes/B24000
650 24 - SUBJECT ADDED ENTRY--TOPICAL TERM
Topical term or geographic name as entry element Nanoscale Science and Technology.
-- http://scigraph.springernature.com/things/product-market-codes/P25140
700 1# - ADDED ENTRY--PERSONAL NAME
Personal name Kaushik, Ajeet.
Relator term editor.
Relator code edt
-- http://id.loc.gov/vocabulary/relators/edt
700 1# - ADDED ENTRY--PERSONAL NAME
Personal name Jayant, Rahul Dev.
Relator term editor.
Relator code edt
-- http://id.loc.gov/vocabulary/relators/edt
700 1# - ADDED ENTRY--PERSONAL NAME
Personal name Nair, Madhavan.
Relator term editor.
Relator code edt
-- http://id.loc.gov/vocabulary/relators/edt
710 2# - ADDED ENTRY--CORPORATE NAME
Corporate name or jurisdiction name as entry element SpringerLink (Online service)
773 0# - HOST ITEM ENTRY
Title Springer eBooks
776 08 - ADDITIONAL PHYSICAL FORM ENTRY
Display text Printed edition:
International Standard Book Number 9783319636320
776 08 - ADDITIONAL PHYSICAL FORM ENTRY
Display text Printed edition:
International Standard Book Number 9783319636344
776 08 - ADDITIONAL PHYSICAL FORM ENTRY
Display text Printed edition:
International Standard Book Number 9783319876009
856 40 - ELECTRONIC LOCATION AND ACCESS
Uniform Resource Identifier <a href="https://doi.org/10.1007/978-3-319-63633-7">https://doi.org/10.1007/978-3-319-63633-7</a>
912 ## -
-- ZDB-2-SBL
942 ## - ADDED ENTRY ELEMENTS (KOHA)
Koha item type ЕКнига

Немає доступних примірників.